[Event "Schwarzach Open A"]
[Site "Salzburg AUT"]
[Date "2001.09.02"]
[Round "9"]
[White "Maier,A"]
[Black "Gumula,D"]
[Result "1-0"]
[WhiteElo "2378"]
[BlackElo "2152"]

1.e4 c5 2.Nf3 d6 3.Bb5+ Bd7 4.Bxd7+ Qxd7 5.c4 Nc6 6.O-O g6 7.d4 cxd4 8.Nxd4 Bg7
9.Ne2 Nf6 10.Nbc3 O-O 11.f3 a6 12.a4 Rac8 13.b3 e6 14.Bg5 Rfd8 15.Qc1 Nb4
16.Qf4 Ne8 17.Bxd8 Qxd8 18.Qd2 Nf6 19.Kh1 Qb6 20.Rab1 Rd8 21.Rfd1 Ne8 22.f4 Nc7
23.e5 d5 24.Ne4 Bf8 25.c5 Qa5 26.Nd6 Rb8 27.Nd4 b6 28.c6 Ne8 29.Nb7 Nxc6
30.Nxa5 Nxa5 31.Rdc1  1-0

[Event "9th Asian Women"]
[Site "Chennai IND"]
[Date "2001.09.03"]
[Round "1"]
[White "Zhao Xue"]
[Black "Khegai,A"]
[Result "0-1"]
[WhiteElo "2372"]
[BlackElo "2235"]

1.e4 c5 2.Nf3 d6 3.Bb5+ Bd7 4.Bxd7+ Qxd7 5.O-O Nc6 6.c4 g6 7.d4 cxd4 8.Nxd4 Bg7
9.Nc2 Nf6 10.Nc3 O-O 11.h3 a6 12.Qe2 Qc7 13.Bg5 Ne5 14.b3 e6 15.Qd2 Rfc8
16.f4 Nxc4 17.bxc4 Qxc4 18.e5 Nh5 19.Rac1 Qxc3 20.Qxc3 Rxc3 21.exd6 f6 22.Bh4 Rd8
23.g4 Nxf4 24.Rxf4 g5 25.Re4 gxh4 26.Rxe6 Rd7 27.Re3 Rc4 28.Re2 Rxd6 29.Rce1 Rc3
30.Re8+ Bf8 31.Ne3 Kf7 32.Re4 Rdd3 33.Kg2 Bc5 34.Nf5 Rxh3 35.Re8 Rhf3 36.R1e2 h3+
37.Kh2 Rf1 38.Rh8 Bg1+ 39.Kh1 Be3+  0-1

[Event "9th Asian Women"]
[Site "Chennai IND"]
[Date "2001.09.03"]
[Round "1"]
[White "Levushkina,E"]
[Black "Gu Xiaobing"]
[Result "1-0"]
[WhiteElo "2208"]
[BlackElo "2300"]

1.e4 c5 2.Nf3 d6 3.Bb5+ Nc6 4.O-O Bd7 5.c3 Nf6 6.Re1 a6 7.Bxc6 Bxc6 8.d4 cxd4
9.cxd4 Bxe4 10.Bg5 Bxf3 11.Qxf3 e6 12.Bxf6 gxf6 13.Qxb7 Be7 14.d5 Qc8 15.Qxc8+ Rxc8
16.Nc3 Kd7 17.Rad1 f5 18.Na4 Rb8 19.dxe6+ fxe6 20.Nc5+ Kc8 21.Nxe6 Rxb2 22.Nd4 Bd8
23.Nxf5 Bb6 24.Nxd6+ Kb8 25.Rb1 Bxf2+ 26.Kf1 Rf8 27.Re8+  1-0

[Event "IX Open"]
[Site "Albacete ESP"]
[Date "2001.09.05"]
[Round "8"]
[White "Oratovsky,M"]
[Black "Ubilava,E"]
[Result "1/2-1/2"]
[WhiteElo "2493"]
[BlackElo "2524"]

1.e4 c5 2.Nf3 d6 3.Bb5+ Bd7 4.Bxd7+ Qxd7 5.c4 Nc6 6.Nc3 g6 7.d4 Bg7 8.d5 Bxc3+
9.bxc3 Na5 10.Nd2 f6 11.O-O O-O-O 12.f4 Nh6 13.e5  1/2-1/2

[Event "9th Asian Women"]
[Site "Chennai IND"]
[Date "2001.09.06"]
[Round "5"]
[White "Levushkina,E"]
[Black "Yu Ting"]
[Result "0-1"]
[WhiteElo "2208"]
[BlackElo "2256"]

1.e4 c5 2.Nf3 d6 3.Bb5+ Bd7 4.Bxd7+ Qxd7 5.O-O Nf6 6.Qe2 e6 7.c3 Nc6 8.d4 cxd4
9.cxd4 d5 10.e5 Ne4 11.Be3 Be7 12.Ne1 h6 13.f3 Ng5 14.Nc3 O-O 15.Rd1 f5 16.exf6 Bxf6
17.Bf2 Nf7 18.f4 Nd6 19.Nf3 Nf5 20.g4 Nd6 21.Bh4 Bxh4 22.Nxh4 Qf7 23.Qd3 Rfe8
24.Qg6 Qxg6 25.Nxg6 Nc4 26.Rf2 Ne3 27.Re1 Nxg4 28.Rg2 Nf6 29.Nb5 Ne4 30.Nc7 Nxd4
31.Rd1 Nf5 32.Nxa8 Rxa8 33.Re2 Kh7 34.Ne5 g5 35.fxg5 hxg5 36.Rc1 Nd4 37.Rc7+ Kh6
38.Re3 g4 39.Nxg4+ Kg5 40.h3 Kf4 41.Rf7+ Nf5 42.Ra3 Re8 43.Rxa7 Ng5 44.Ra4+ Kg3
45.Ra3+ Nf3+ 46.Rxf3+ Kxf3 47.Nh6 Ra8 48.Kh2 d4 49.Nxf5 exf5 50.Rd7 Rxa2
51.Kg1 f4 52.Rxd4 Kg3 53.Kf1 Rxb2 54.Rd7 Rb1+ 55.Ke2 f3+ 56.Kd2 f2 57.Rg7+ Kh2  0-1

[Event "EYCC B18"]
[Site "Halkidiki GRE"]
[Date "2001.09.06"]
[Round "6"]
[White "Lupulescu,C"]
[Black "Popovic,Du"]
[Result "1-0"]
[WhiteElo "2465"]
[BlackElo "2361"]

1.e4 c5 2.Nf3 d6 3.Bb5+ Bd7 4.Bxd7+ Qxd7 5.c4 Nc6 6.d4 cxd4 7.Nxd4 g6 8.Nc3 Bg7
9.Nde2 Nf6 10.f3 O-O 11.O-O Rfd8 12.Bg5 h6 13.Bh4 e6 14.Qd2 Kh7 15.b3 a6
16.Rfd1 Qc7 17.Kh1 Qa5 18.a4 Rd7 19.Rab1 Rb8 20.f4 Qh5 21.Qe1 g5 22.Bf2 Ng4
23.Bg1 gxf4 24.Nxf4 Qg5 25.Nd3 Rg8 26.Rb2 f5 27.h3 Nge5 28.Nxe5 Bxe5 29.exf5 exf5
30.Re2 Qh5 31.Nd5 Rf7 32.Rd3 Kh8 33.Qf1 f4 34.Rf3 Rgf8 35.Re4 Qg6 36.Qe2 Qg5
37.Qd2 Ne7 38.Nxe7 Qxe7 39.Bd4 Qf6 40.Qc3 Bxd4 41.Rxd4 Rg7 42.Qd2 Rfg8 43.Rfxf4 Qe5
44.Rh4 h5 45.Rxd6 Qa1+ 46.Qd1  1-0

[Event "TCh-YUG"]
[Site "Herceg Novi YUG"]
[Date "2001.09.07"]
[Round "5"]
[White "Nevednichy,V"]
[Black "Sakaev,K"]
[Result "1/2-1/2"]
[WhiteElo "2588"]
[BlackElo "2630"]

1.e4 c5 2.Nf3 d6 3.Bb5+ Bd7 4.Bxd7+ Qxd7 5.O-O Nc6 6.c3 Nf6 7.d4 Nxe4 8.d5 Nd8
9.Re1 Nf6 10.Bg5 Ng8 11.Nbd2 h6 12.Bf4 g5 13.Bxd6 Qxd6 14.Ne4 Qb8 15.b4 Bg7
16.bxc5 Kf8 17.h4 Nf6 18.Ng3 Qc8 19.c4 gxh4 20.Nxh4 Qg4 21.Qd3 Qxh4 22.Rxe7 Nxd5
23.Re4 Qg5 24.Rae1 Nf6 25.Re5 Qg6 26.Qb3 Nc6 27.Qxb7 Nxe5 28.Qxa8+ Ne8 29.Qxa7 h5
30.c6 Qxc6 31.Nf5 Bf6 32.Rxe5 Kg8 33.Qe3 Ng7 34.c5 Kh7  1/2-1/2

[Event "CHN-RUS Summit Women"]
[Site "Shanghai CHN"]
[Date "2001.09.07"]
[Round "1"]
[White "Zimina,O"]
[Black "Xu Yuhua"]
[Result "1-0"]
[WhiteElo "2312"]
[BlackElo "2502"]

1.e4 c5 2.Nf3 d6 3.Bb5+ Bd7 4.Bxd7+ Qxd7 5.c4 Nc6 6.Nc3 g6 7.d4 cxd4 8.Nxd4 Bg7
9.Nde2 Nf6 10.O-O O-O 11.f3 a6 12.a4 e6 13.Bg5 Qc7 14.Kh1 Rad8 15.Rb1 Rd7
16.Qd2 Qb6 17.b3 Qb4 18.Rfd1 Rc8 19.Bh4 Qc5 20.Nf4 Nh5 21.Nd3 Qa5 22.Ne2 Qxd2
23.Rxd2 b6 24.Rbd1 Rb7 25.Ndc1 Bf8 26.Nc3 Ng7 27.Bg3 Ne8 28.N1e2 Na5 29.Rb2 Bg7
30.Rbb1 Bf8 31.Kg1 Nc6 32.Kf1 Na7 33.Bf2 Nc6 34.Bg3 Be7 35.Bf4 h5 36.Be3 Na5
37.Kf2 Bh4+ 38.Kf1 Kf8 39.Nd4 Bf6 40.Kf2 Bh4+ 41.g3 Bf6 42.f4 Nc7 43.Kf3 Rd8
44.h3 Kg7 45.g4 hxg4+ 46.hxg4 g5 47.fxg5 Be5 48.Rh1 Kg8 49.Rh3 Bg7 50.Rbh1 Rc8
51.Nce2 b5 52.cxb5 axb5 53.Ng3 bxa4 54.Nh5 Bxd4 55.Nf6+ Kf8 56.Rh8+ Ke7 57.Rxc8 Bxe3
58.Kxe3 axb3 59.Rc1 b2 60.R1xc7+  1-0

[Event "CHN-RUS Summit Women"]
[Site "Shanghai CHN"]
[Date "2001.09.10"]
[Round "4"]
[White "Zimina,O"]
[Black "Wang Pin"]
[Result "0-1"]
[WhiteElo "2312"]
[BlackElo "2504"]

1.e4 c5 2.Nf3 d6 3.Bb5+ Bd7 4.Bxd7+ Qxd7 5.c4 Nc6 6.Nc3 Nf6 7.O-O e6 8.d4 cxd4
9.Nxd4 Be7 10.Be3 O-O 11.Qe2 a6 12.f4 Rac8 13.Rad1 Qc7 14.b3 Rfe8 15.Kh1 Nd7
16.Nxc6 Qxc6 17.Bd4 Bf8 18.Rd3 b5 19.Rg3 e5 20.fxe5 dxe5 21.cxb5 axb5 22.Bg1 b4
23.Nd5 Qe6 24.Be3 Rc6 25.Bd2 Rc2 26.Qd1 Rxa2 27.Nc7 Qe7 28.Nxe8 Qxe8 29.Qe1 Qb8
30.Qf2 f6 31.Qe2 Kh8 32.Rd1 Nc5 33.Qe1 Ne6 34.Be3 Qa8 35.Bf2 Nf4 36.Re3 h6
37.h3 Bc5 38.Rf3 Re2 39.Bxc5 Rxe1+ 40.Rxe1 Qa2 41.Rg3 Qc2 42.Bg1 Ne2 43.Rf3 Nc3
44.Be3 Nxe4 45.Rc1 Qxb3 46.Bxh6 Qa2 47.Be3 b3  0-1

[Event "TCh-POL"]
[Site "Glogow POL"]
[Date "2001.09.11"]
[Round "4"]
[White "Jakubowski,T"]
[Black "Wojcieszyn,J"]
[Result "1/2-1/2"]
[WhiteElo "2305"]
[BlackElo "2298"]

1.e4 c5 2.Nf3 d6 3.Bb5+ Bd7 4.Bxd7+ Qxd7 5.O-O Nc6 6.c3 Nf6 7.Re1 e6 8.d3 Be7
9.h3 O-O 10.a3 d5 11.e5 Ne8 12.b4 b6 13.Nbd2 Nc7 14.Nb3 a5 15.bxc5 bxc5 16.a4 Rfb8
17.Be3 Na6 18.Qc2 Rb7 19.Rab1 Rab8 20.Nbd2 d4 21.Rxb7 Rxb7 22.cxd4 cxd4 23.Nxd4 Nxd4
24.Bxd4 Rc7 25.Qb2 Nb4 26.Rd1 Rc2  1/2-1/2

[Event "TCh-CRO"]
[Site "Pula CRO"]
[Date "2001.09.11"]
[Round "2"]
[White "Ljubicic,F"]
[Black "Pinter,J"]
[Result "1/2-1/2"]
[WhiteElo "2412"]
[BlackElo "2550"]

1.e4 c5 2.Nf3 d6 3.Bb5+ Nd7 4.O-O Nf6 5.Re1 a6 6.Bxd7+ Bxd7 7.d4 cxd4 8.Qxd4 e5
9.Qd3 h6 10.c4 Rc8 11.Nc3 Qc7 12.b3 b5 13.Nd2 Be7 14.Bb2 O-O 15.Rad1 Rfe8
16.Rf1 Qc5 17.Rc1 Qa7 18.h3 Nh5 19.Nd5 Bg5 20.Rc2 Be6 21.Nf3 Bd8  1/2-1/2

[Event "CHN-RUS Summit Women"]
[Site "Shanghai CHN"]
[Date "2001.09.12"]
[Round "6"]
[White "Kovalevskaya,E"]
[Black "Wang Pin"]
[Result "1/2-1/2"]
[WhiteElo "2507"]
[BlackElo "2504"]

1.e4 c5 2.Nf3 d6 3.Bb5+ Bd7 4.Bxd7+ Qxd7 5.c4 Nc6 6.Nc3 Nf6 7.O-O g6 8.d4 cxd4
9.Nxd4 Bg7 10.Nde2 O-O 11.f3 a6 12.a4 e6 13.Rb1 Rfe8 14.Bg5 h6 15.Bh4 Rad8
16.Qd2 g5 17.Bf2 d5 18.cxd5 exd5 19.exd5 Nxd5 20.Nxd5 Qxd5 21.Qxd5 Rxd5 22.Nc3 Rd2
23.Ne4 Rxb2 24.Rxb2 Bxb2 25.Rb1 Rd8 26.Kf1 Bg7 27.Rxb7 Rd1+ 28.Ke2 Ra1 29.Rb6 Ra2+
30.Kf1 Ra1+ 31.Ke2 Ra2+ 32.Kf1 Ra1+ 33.Ke2  1/2-1/2

[Event "TCh-CRO"]
[Site "Pula CRO"]
[Date "2001.09.13"]
[Round "4"]
[White "Morovic Fernandez,I"]
[Black "Stohl,I"]
[Result "1/2-1/2"]
[WhiteElo "2565"]
[BlackElo "2533"]

1.e4 c5 2.Nf3 d6 3.Bb5+ Bd7 4.Bxd7+ Qxd7 5.c4 Nc6 6.Nc3 g6 7.d4 cxd4 8.Nxd4 Bg7
9.Be3 Nf6 10.f3 O-O 11.O-O a6 12.Rc1 Nxd4 13.Bxd4 b5 14.Nd5 Nxd5 15.cxd5 Bh6
16.Rc2 Rfc8  1/2-1/2

[Event "ch-ARM"]
[Site "Yerevan ARM"]
[Date "2001.09.13"]
[Round "1"]
[White "Hachatrian,V"]
[Black "Aronian,L"]
[Result "0-1"]
[WhiteElo "2411"]
[BlackElo "2562"]

1.e4 c5 2.Nf3 d6 3.Bb5+ Nc6 4.O-O Bd7 5.Re1 Nf6 6.c3 a6 7.Bf1 Bg4 8.d3 e6
9.Nbd2 d5 10.h3 Bh5 11.g4 Bg6 12.Nh4 dxe4 13.dxe4 Qc7 14.Nxg6 hxg6 15.Nf3 Bd6
16.Qe2 Ne5 17.Ng5 c4 18.Bf4 Nfd7 19.Red1 Nd3 20.Bxd6 Qxd6 21.Qe3 Qc5 22.Qxc5 N7xc5
23.b4 Na4 24.Bxd3 cxd3 25.Rxd3 Rc8 26.Rc1 Ke7 27.e5 Rc4 28.Rcd1 Rc7 29.Rf3 Rf8
30.Ne4 Nb2 31.Rd4 Nc4 32.Nc5 Nxe5 33.Re3 Nc6 34.Rd2 Nb8 35.Kf1 b6 36.Na4 Nd7
37.c4 Rb8 38.Rc3 g5 39.Ke2 Ne5 40.c5 bxc5 41.bxc5 Rb5 42.Rd4 Nc6 43.Re4 Rd7
44.f4 gxf4 45.Rxf4 e5 46.Rfc4 Ke6 47.Ke3 Rd4 48.Rc2 Nb4 49.Rc1 Nxa2 50.R1c2 Nb4
51.Rc1 Nd5+ 52.Kf2 Rxc4 53.Rxc4 Rb4 54.Rxb4 Nxb4 55.Ke3 Kd5 56.h4 Nc2+ 57.Kd3 Nd4
58.h5 Ne6 59.Ke3 a5 60.Nc3+ Kxc5 61.Ne4+ Kd5 62.g5 Nf4 63.h6 gxh6 64.gxh6 f5
65.Nf6+ Ke6 66.Nh5 Ng6 67.Ng7+ Kf6  0-1

[Event "TCh-CRO Women"]
[Site "Pula CRO"]
[Date "2001.09.15"]
[Round "6"]
[White "Grzincic,T"]
[Black "Jelica,M"]
[Result "0-1"]
[WhiteElo "2092"]
[BlackElo "2193"]

1.e4 c5 2.Nf3 d6 3.Bb5+ Bd7 4.a4 Nc6 5.h3 Nf6 6.d3 g6 7.O-O Bg7 8.Re1 O-O
9.Nc3 a6 10.Bc4 Na5 11.Ba2 b5 12.e5 dxe5 13.Nxe5 b4 14.Ne4 Nxe4 15.Rxe4 Bf5
16.Nxf7 Rxf7 17.Bxf7+ Kxf7 18.Qf3 Bf6 19.Re1 Be6 20.Bg5 Qd5 21.Qxd5 Bxd5
22.Bxf6 exf6 23.b3 Nc6 24.Rad1 Nd4 25.Rd2 a5 26.Re3 Re8 27.Rxe8 Kxe8 28.Kf1 Kd7
29.f3 Kc6 30.Kf2 Nxb3 31.cxb3 Bxb3 32.Re2 Bxa4 33.Re6+ Kd5 34.Ra6 Bb5 35.Rxa5 Bxd3
36.Ke3 Bf1 37.f4 Bxg2 38.Ra7 b3 39.Kd2 Kd4 40.Rc7 Be4 41.Kc1 c4 42.Kb2 Bd5
43.Rc8 Ke3 44.Rc5 Kd4 45.Rc8 Be4 46.Rc7 h5  0-1

[Event "TCh-CRO"]
[Site "Pula CRO"]
[Date "2001.09.17"]
[Round "8"]
[White "Morovic Fernandez,I"]
[Black "Ljubicic,F"]
[Result "1/2-1/2"]
[WhiteElo "2565"]
[BlackElo "2412"]

1.e4 c5 2.Nf3 d6 3.Bb5+ Bd7 4.Bxd7+ Qxd7 5.c4 Nc6 6.Nc3 g6 7.d4 cxd4 8.Nxd4 Bg7
9.Be3 Nh6 10.h3 f5 11.Bxh6 Bxd4 12.exf5 Qxf5 13.O-O O-O-O 14.Nd5 Rd7 15.Be3 Bxe3
16.Nxe3 Qf4 17.Rc1 Rf8 18.Rc3 e6 19.Rd3 Rfd8 20.Re1 d5 21.cxd5 exd5 22.Re2 d4
23.Nc4 Nb4 24.Rf3 Qc7 25.Ne5  1/2-1/2

[Event "TCh-CRO"]
[Site "Pula CRO"]
[Date "2001.09.18"]
[Round "9"]
[White "Bertok,M"]
[Black "Vitic,I"]
[Result "1/2-1/2"]
[WhiteElo "2297"]
[BlackElo "2312"]

1.e4 c5 2.Nf3 d6 3.Bb5+ Bd7 4.Bxd7+ Qxd7 5.O-O Nc6 6.d4 cxd4 7.Nxd4 Nf6 8.Nc3 g6
9.f3 Bg7 10.Be3 O-O 11.Qd2 Rfc8 12.Rfd1  1/2-1/2

[Event "ch-ARM"]
[Site "Yerevan ARM"]
[Date "2001.09.18"]
[Round "6"]
[White "Haroutjunian,G"]
[Black "Anastasian,A"]
[Result "0-1"]
[WhiteElo "2346"]
[BlackElo "2588"]

1.Nf3 c5 2.e4 d6 3.Bb5+ Nd7 4.O-O a6 5.Bxd7+ Bxd7 6.d4 cxd4 7.Qxd4 e5 8.Qd3 h6
9.b3 Nf6 10.c4 b5 11.a4 bxc4 12.Qxc4 Be7 13.Ba3 O-O 14.Nbd2 Re8 15.Rfd1 Bf8
16.Qe2 Bc6 17.Nc4 Nxe4 18.Ncxe5 Bb7 19.Qc4 Qf6 20.Nd7 Qf5 21.Qc7 Nc5 22.Nxf8 Bxf3
23.gxf3 Nxb3 24.Ra2 Rxf8 25.Qc3 Nc5 26.Bb2 Ne6 27.Raa1 Rac8 28.Qe3 Rc2 29.Ba3 Nf4
30.Kh1 Re2 31.Qc3 Rc8 32.Qd4 Nh3  0-1

[Event "6th ECCW"]
[Site "Belgrade YUG"]
[Date "2001.09.20"]
[Round "5"]
[White "Zimina,O"]
[Black "Zarkovic,D"]
[Result "1-0"]
[WhiteElo "2312"]
[BlackElo "2085"]

1.e4 c5 2.Nf3 d6 3.Bb5+ Bd7 4.Bxd7+ Qxd7 5.c4 e5 6.Nc3 g6 7.a3 Bg7 8.b4 Ne7
9.d3 O-O 10.O-O Nbc6 11.Rb1 b6 12.Nd5 Nxd5 13.cxd5 Nd8 14.a4 f5 15.bxc5 bxc5
16.a5 f4 17.a6 Re8 18.Bd2 Nf7 19.Ba5 Rab8 20.Nd2 Bf6 21.f3 Rec8 22.Nc4 Bd8
23.Rf2 Bxa5 24.Nxa5 Rxb1 25.Qxb1 Qc7 26.Qb7 Qxb7 27.Nxb7 Kf8 28.Rb2 Ke8 29.Kf2 Kd7
30.Na5 Nd8 31.Rb1 Rc7 32.Nc4 Nf7 33.Rb8 Ke7 34.Na5 Nd8 35.Ke2 h6 36.Kd2 g5
37.g4 fxg3 38.hxg3 h5 39.Ke3 Kd7 40.Nc4 Nf7 41.f4 Ke7 42.fxg5 Nxg5 43.Rh8 Nf7
44.Rxh5 Rc8 45.g4 Rg8 46.Kf3 Kf6 47.Rh2 Rb8 48.Rb2 Ng5+ 49.Kg3  1-0

[Event "Boca Open"]
[Site "Buenos Aires ARG"]
[Date "2001.09.20"]
[Round "4"]
[White "Malbran,G"]
[Black "Zarnicki,P"]
[Result "0-1"]
[WhiteElo "2356"]
[BlackElo "2487"]

1.e4 c5 2.Nf3 d6 3.Bb5+ Nd7 4.d4 Nf6 5.e5 Qa5+ 6.Nc3 Ne4 7.Bd2 Nxc3 8.Bxd7+ Bxd7
9.Bxc3 Qa6 10.exd6 O-O-O 11.Qd3 Qxd3 12.cxd3 exd6 13.O-O-O Be6 14.Kb1 Be7
15.Rhe1 Rhe8 16.Re3 g5 17.dxc5 dxc5 18.Rde1 g4 19.Ne5 Bg5 20.R3e2 Bf5 21.Ka1 Re7
22.f3 gxf3 23.Nxf3 Rxe2 24.Rxe2 Rxd3 25.Re1 Bf4 26.Ne5 Rxc3 27.bxc3 Bd2  0-1

[Event "4NCL"]
[Site "Birmingham ENG"]
[Date "2001.09.22"]
[Round "1"]
[White "Collins,S"]
[Black "Palliser,R"]
[Result "0-1"]
[WhiteElo "2194"]
[BlackElo "2337"]

1.e4 c5 2.Nf3 d6 3.Bb5+ Bd7 4.Bxd7+ Qxd7 5.c4 Nc6 6.Nc3 g6 7.d4 cxd4 8.Nxd4 Bg7
9.Nde2 Nf6 10.O-O O-O 11.b3 Nxe4 12.Bb2 Qg4 13.h3 Nxc3 14.hxg4 Nxd1 15.Bxg7 Kxg7
16.Rfxd1 Rh8 17.Nd4 a5 18.Nxc6 bxc6 19.Re1 e6 20.Rac1 Kf6 21.Re3 h5 22.Rd3 Ke7
23.g5 Rhb8 24.Rcd1 Rd8 25.Rf3 d5 26.Rd4 Rd7 27.Rdf4 Kf8 28.Kf1 d4 29.Re4 Ke7
30.Ref4 Ke8 31.g4 hxg4 32.Rxg4 c5 33.Rh4 Raa7 34.Rh8+ Ke7 35.Rh7 Kd6 36.a4 f5
37.Rh6 Rg7 38.Rh8 e5 39.Rfh3 e4 40.Rd8+ Ke5 41.Rh4 Rad7 42.Re8+ Rge7 43.Rc8 d3
44.Ke1 Rh7 45.Rh6 Rxh6 46.gxh6 Kd4 47.Kd2 f4 48.Re8 g5 49.Rg8 e3+ 50.fxe3+ fxe3+  0-1

[Event "ch-ARM"]
[Site "Yerevan ARM"]
[Date "2001.09.23"]
[Round "11"]
[White "Anastasian,A"]
[Black "Sargissian,G"]
[Result "1/2-1/2"]
[WhiteElo "2588"]
[BlackElo "2514"]

1.Nf3 c5 2.e4 d6 3.Bb5+ Bd7 4.Bxd7+ Nxd7 5.c4 Ngf6 6.Nc3 Ne5 7.O-O e6 8.Qe2 Be7
9.Rd1 Qc7 10.b3 a6 11.Bb2 O-O 12.d4 cxd4 13.Rxd4 Rab8 14.Rad1 Rfc8 15.h3 h6
16.R4d2 Nxf3+ 17.Qxf3 b5 18.cxb5 axb5 19.Ne2 Rb6 20.b4 Qb7 21.Bxf6 Bxf6 22.Rxd6 Rxd6
23.Rxd6 Qe7 24.Qg3 Rc2 25.e5 Rxe2 26.exf6 Qxf6 27.a3 g5 28.Rd1 Kg7 29.h4 Rc2
30.hxg5 hxg5 31.Qe3 Rc3 32.Qe2 Qf5 33.Qb2 Qc2  1/2-1/2

[Event "ECC"]
[Site "Panormo GRE"]
[Date "2001.09.24"]
[Round "2"]
[White "O'Connor,Jon"]
[Black "Olafsson,H"]
[Result "0-1"]
[WhiteElo "2165"]
[BlackElo "2460"]

1.e4 c5 2.Nf3 d6 3.Bb5+ Nc6 4.Bxc6+ bxc6 5.O-O e5 6.c3 Bg4 7.h3 Bh5 8.d3 Be7
9.Nbd2 Qd7 10.Nc4 Nf6 11.Re1 O-O 12.Ne3 Rfe8 13.Nf5 Bf8 14.g4 Bg6 15.Bg5 Qe6
16.N3h4 Nd7 17.c4 f6 18.Bd2 Bf7 19.Qf3 d5 20.b3 Reb8 21.Ba5 g6 22.Ne3 dxe4
23.dxe4 Be7 24.Nhf5 Bf8 25.Ng3 Be7 26.Nef5 Bf8 27.Ne3 Qe8 28.Rad1 Be7 29.Rd3 Nf8
30.g5 fxg5 31.Bc7 h5 32.Red1 Ne6 33.Bxe5 Rd8 34.Rxd8 Rxd8 35.Rxd8 Qxd8 36.Qd1 Nf4
37.h4 Nd3 38.Bc3 gxh4 39.Ngf5 gxf5 40.Nxf5 Bg5 41.Qa1 Bg6  0-1

[Event "ECC"]
[Site "Panormo GRE"]
[Date "2001.09.27"]
[Round "5"]
[White "Komliakov,V"]
[Black "Damaso,R"]
[Result "1/2-1/2"]
[WhiteElo "2484"]
[BlackElo "2437"]

1.e4 c5 2.Nf3 d6 3.Bb5+ Nd7 4.O-O a6 5.Bxd7+ Bxd7 6.d4 cxd4 7.Qxd4 e5 8.Qd3 h6
9.a4 Nf6 10.c4 b5 11.Nfd2 b4 12.Re1 Be7 13.Nf1 O-O 14.Nbd2 Qb8 15.Ng3 Bd8
16.Ndf1 Bb6 17.Be3 Be6 18.Bxb6 Qxb6 19.b3 Nd7 20.Rad1 Nc5 21.Qc2 a5 22.Ne3 Rad8
23.Rd2 g6 24.Kh1 Kg7 25.Rf1 f6 26.h4 h5 27.Rb1 Qa7 28.Kg1 Qb6 29.Qd1 Rd7
30.Qc2 Rff7 31.Nef5+ Kh7 32.Rbd1 Nb7 33.Ne3 Rf8 34.Nd5 Qd8 35.Ne3 Nc5 36.Rf1 Kg7
37.f4 exf4 38.Rxf4 Qb6 39.Ngf1 Rdd8 40.Kh2 Nd7 41.Qd1 Ne5 42.Qe1  1/2-1/2

[Event "10th Monarch Assurance"]
[Site "Port Erin IOM"]
[Date "2001.10.03"]
[Round "5"]
[White "Howell,D"]
[Black "Sowray,P"]
[Result "0-1"]
[WhiteElo "2170"]
[BlackElo "2334"]

1.e4 c5 2.Nf3 d6 3.Bb5+ Bd7 4.Bxd7+ Qxd7 5.O-O Nc6 6.c4 Nf6 7.Nc3 g6 8.d4 cxd4
9.Nxd4 Bg7 10.Nde2 O-O 11.f3 Qd8 12.Be3 Qa5 13.Qd2 a6 14.Rac1 b5 15.Nd5 Qxd2
16.Bxd2 bxc4 17.Rxc4 Nxd5 18.Rxc6 Nf6 19.Rfc1 a5 20.Nc3 Rfb8 21.Na4 Nd7 22.b3 Bd4+
23.Kf1 Nc5 24.Rc4 Ne6 25.Be1 f6 26.Bf2 Bxf2 27.Kxf2 Kf7 28.Ke3 f5 29.Nb2 Rb5
30.Rc2 Kf6 31.Nd3 Kf7 32.R6c4 Rf8 33.Rc6 Kg7 34.e5 f4+ 35.Kf2 Nd4 36.exd6 Nxc6
37.Rxc6 exd6 38.Rxd6 g5 39.g3 fxg3+ 40.hxg3 Rf6 41.Rd4 Rc6 42.Ne1 Re5 43.Rd2 Rec5
44.Ke2 Kf6 45.Kf2 Rc1 46.g4 h6 47.Kf1 Re6 48.Re2 Ra1 49.Rxe6+ Kxe6 50.Ke2 Rxa2+
51.Kd3 Ke5 52.Nc2 Rxc2 53.Kxc2 Kf4  0-1

[Event "Chigorin Mem Open"]
[Site "St Petersburg RUS"]
[Date "2001.10.03"]
[Round "9"]
[White "Chuiko,A"]
[Black "Zakharstov,V"]
[Result "1/2-1/2"]
[WhiteElo "2413"]
[BlackElo "2527"]

1.e4 c5 2.Nf3 d6 3.Bb5+ Nd7 4.d4 Nf6 5.Nc3 a6 6.Bxd7+ Nxd7 7.a4 cxd4 8.Qxd4 e6
9.Be3 Qc7 10.O-O Ne5 11.Nxe5 dxe5 12.Qb6 Qxb6 13.Bxb6 Bd7 14.Rfd1 Bc6 15.f3 Be7
16.Rd3 f6 17.b3 Kf7 18.Nd1 Rhc8 19.Ne3 Be8 20.Nc4 Rc6 21.a5 Rac8 22.Rad1 Kg6
23.Ne3 Rc3 24.Rxc3 Rxc3 25.Rd3 Rxd3 26.cxd3 Bb5 27.Nc4 Kf7 28.Kf2 Ke8 29.Ke3 Kd7
30.Kd2 Bb4+ 31.Kc2 Kc6 32.Ne3 Be1 33.Nc4 Bb4  1/2-1/2

[Event "ch-SLO"]
[Site "Grize SLO"]
[Date "2001.10.04"]
[Round "4"]
[White "Grosar,A"]
[Black "Tratar,M"]
[Result "1/2-1/2"]
[WhiteElo "2442"]
[BlackElo "2416"]

1.e4 c5 2.Nf3 d6 3.Bb5+ Bd7 4.Bxd7+ Qxd7 5.O-O Nc6 6.c4 e5 7.Nc3 g6 8.d3 Bg7
9.Bd2 Nge7 10.a3 O-O  1/2-1/2

[Event "10th Monarch Assurance"]
[Site "Port Erin IOM"]
[Date "2001.10.04"]
[Round "6"]
[White "Shaw,J"]
[Black "Stocek,J"]
[Result "1/2-1/2"]
[WhiteElo "2478"]
[BlackElo "2530"]

1.e4 c5 2.Nf3 d6 3.Bb5+ Nd7 4.d4 cxd4 5.Qxd4 a6 6.Bxd7+ Bxd7 7.Bg5 f6 8.Be3 e6
9.Nbd2 Rc8 10.O-O Qc7 11.c4 Ne7 12.b4 f5 13.exf5 Nxf5 14.Qd3 Be7 15.Bg5 Bxg5
16.Nxg5 h6 17.Rae1 e5 18.f4 hxg5 19.fxe5 Qb6+ 20.c5 dxc5 21.Nc4 Qh6 22.Rxf5 Qxh2+
23.Kf1 Qh1+ 24.Kf2 Qh4+ 25.Kf1 Qh1+ 26.Kf2 Qh4+ 27.Kf1  1/2-1/2

[Event "5th Russian Cup Final"]
[Site "Kazan RUS"]
[Date "2001.10.05"]
[Round "4"]
[White "Galliamova,A"]
[Black "Vorobiov,E"]
[Result "0-1"]
[WhiteElo "2547"]
[BlackElo "2503"]

1.e4 c5 2.Nf3 d6 3.Bb5+ Nd7 4.d4 Nf6 5.Nc3 a6 6.Bxd7+ Nxd7 7.O-O e6 8.Bg5 Qc7
9.d5 e5 10.a4 h6 11.Be3 Be7 12.Nd2 O-O 13.Ne2 f5 14.exf5 Nf6 15.Nc4 Bxf5
16.a5 Rae8 17.Ra3 Nh5 18.Qd2 Bg6 19.Rb1 Qd7 20.f3 Bh4 21.b4 cxb4 22.Rxb4 Nf4
23.Rb6 Nxg2 24.Rxd6 Qf7 25.Bf2 e4 26.Ng3 exf3 27.Qd4 Nf4 28.Kf1 Bxg3 29.hxg3 Qf5
30.Ne3 Qh3+ 31.Ke1 Re4 32.Qb6  0-1

[Event "Bundesliga 2001-2"]
[Site "Castrop Rauxel GER"]
[Date "2001.10.06"]
[Round "1"]
[White "Casper,T"]
[Black "Dinstuhl,V"]
[Result "1/2-1/2"]
[WhiteElo "2409"]
[BlackElo "2402"]

1.e4 c5 2.Nf3 d6 3.Bb5+ Nd7 4.a4 Nf6 5.Qe2 e6 6.O-O Be7 7.c3 a6 8.Bd3 Ne5
9.Nxe5 dxe5 10.Na3 Bd7 11.Nc4 Qc7 12.a5 Bc6 13.Bc2 Bb5 14.Bb3 O-O 15.d3 Bxc4
16.Bxc4 Nd7 17.Be3 Bd6 18.h3 Nb8 19.Qc2 Nc6 20.Qa4 Qe7 21.Rfb1 Kh8 22.Qb3 Rac8
23.Re1 Qc7 24.Qa3 Qe7 25.Qb3 Qc7 26.Qa3 Nd4 27.Qa4 Nc6  1/2-1/2

[Event "Tatry Open"]
[Site "High Tatras SVK"]
[Date "2001.10.06"]
[Round "9"]
[White "Goban,M"]
[Black "Demeter,P"]
[Result "1/2-1/2"]
[WhiteElo "2202"]
[BlackElo "2290"]

1.e4 c5 2.Nf3 d6 3.Bb5+ Bd7 4.Bxd7+ Qxd7 5.O-O Nc6 6.b3 Nf6 7.Qe2 g6 8.Bb2 Bg7
9.c4 O-O 10.h3 Nh5 11.Bxg7 Kxg7 12.Qe3 e5 13.Nc3 f5 14.Nd5 fxe4 15.Qxe4 Nf6
16.Nxf6 Rxf6 17.Rae1 Rf4 18.Qd3 Raf8 19.Re3 h6 20.Ne1 Nd4 21.Nc2 Nc6 22.f3 h5
23.g3 Qxh3 24.gxf4 Qg3+ 25.Kh1 Rxf4 26.Re4  1/2-1/2

[Event "Tatry Open"]
[Site "High Tatras SVK"]
[Date "2001.10.06"]
[Round "9"]
[White "Manik,M"]
[Black "Lanc,A"]
[Result "1-0"]
[WhiteElo "2414"]
[BlackElo "2373"]

1.e4 c5 2.Nf3 d6 3.Bb5+ Bd7 4.Bxd7+ Qxd7 5.c4 Nc6 6.Nc3 g6 7.d4 cxd4 8.Nxd4 Bg7
9.Be3 Nf6 10.f3 O-O 11.O-O Nxd4 12.Bxd4 Nh5 13.Bxg7 Nxg7 14.Qd2 Rfe8 15.Rad1 Qc6
16.b3 a6 17.Nd5 Ne6 18.f4 Nc7 19.f5 Nxd5 20.exd5 Qc5+ 21.Kh1 b5 22.Qh6 bxc4
23.Qg5  1-0

[Event "10th Monarch Assurance"]
[Site "Port Erin IOM"]
[Date "2001.10.07"]
[Round "9"]
[White "Ulibin,M"]
[Black "Gallagher,Jo"]
[Result "1-0"]
[WhiteElo "2583"]
[BlackElo "2516"]

1.e4 c5 2.Nf3 d6 3.Bb5+ Nd7 4.d4 Nf6 5.Nc3 cxd4 6.Qxd4 e5 7.Qd3 h6 8.a4 a6
9.Bc4 Nc5 10.Qe2 Be7 11.O-O Qc7 12.Nh4 g5 13.Nf5 Ncxe4 14.Nxe7 Nxc3 15.bxc3 Qxe7
16.Ba3 Be6 17.Rfd1 Rd8 18.Rab1 O-O 19.Bxe6 fxe6 20.c4 Qc7 21.Qd3 e4 22.Qh3 Rf7
23.Qxh6 Qe7 24.Qxg5+ Rg7 25.Qh4 Rh7 26.Qf4 e5 27.Qf5 Kh8 28.Rxb7  1-0

[Event "FSIMA October"]
[Site "Budapest HUN"]
[Date "2001.10.10"]
[Round "5"]
[White "Kersten,U"]
[Black "Blasko,I"]
[Result "1-0"]
[WhiteElo "2369"]
[BlackElo "2310"]

1.e4 c5 2.Nf3 d6 3.Bb5+ Bd7 4.Bxd7+ Qxd7 5.O-O Nf6 6.e5 dxe5 7.Nxe5 Qc7 8.d4 cxd4
9.Qxd4 Nc6 10.Nxc6 Qxc6 11.Bg5 e6 12.Bxf6 gxf6 13.Qxf6 Rg8 14.g3 Bg7 15.Qg5 h6
16.Qc1 O-O-O 17.c3 h5 18.Na3 Bf8 19.Qf4 h4 20.b4 hxg3 21.fxg3 Rd3 22.Nc4 f5
23.Ne5 Qb6+ 24.Kh1 Rd5 25.Rad1 Rxd1 26.Rxd1 Qc7 27.Qc4 Qxc4 28.Nxc4 Rg4 29.Nd2 Bh6
30.Kg2 Kc7 31.h3 Rg8 32.Nf3 Bf4 33.g4 fxg4 34.hxg4 Rxg4+ 35.Kf2 e5 36.Nd2 Rh4
37.Nf3 Rg4 38.Nd2 Kc6 39.Ne4 Rh4 40.a4 Rh2+ 41.Kf3 Rh6 42.Kg4 Rh8 43.Rd6+ Kc7
44.Kf5 Rh5+ 45.Ke6 Rh6+ 46.Kd5 Rh1 47.Rg6 Rd1+ 48.Kc4 Rd7 49.a5 Be3 50.Nf6  1-0